000 00520nam a2200181Ia 4500
008 220216s9999 xx 000 0 und d
100 _aPupilli F
245 0 _aMolecular, cytological and morpho-agronomical characterization of hexaploid somatic hybrids in Medicago
260 _bTheoretical and Applied Genetics
_c1995
300 _a347-355
650 _aMeiotic analysis
650 _aRFLP
650 _aSomatic hybrids
700 _aBusinelli S
700 _aCaceres M E
700 _aDamiani F
942 _cJS
999 _c63229
_d63229